000 00420nam a2200145 a 4500
001 000033719
005 20200930070452.0
008 110907s1894 sp 000 0 spa d
040 _aDO-SdBNP
_bspa
_cBNPHU
082 _axxx
_bA185h
100 1 _aAcosta, Joseph de
_959163
245 1 0 _aHistoria natural y moral de las indias /
_cJoseph de Acosta.
260 _aMadrid :
_bRamón Anglés,
_c1894.
300 _a1 t. ;
_c19 cm.
999 _c33210
_d33210